000 00729nam a2200217Ia 4500
008 191130s2002##################000#0#eng##
020 _a9780792376804
022 _a2001058519
040 _aACL
_cACL
082 _a332.015118 SOO
245 _aModelling and forecasting financial data : techniques of nonlinear dynamics
_cedited by Abdol S. Soofi and Liangyue Cao
260 _aDordrecht ; Boston
_bKluwer Academic Pub
_cc2002
300 _axxviii, 488 p. : ill. ; 24 cm
500 _aIncludes bibliographical references and index
650 _aFinance - Mathematical models
700 _aCao, Liangyue
700 _aSoofi, Abdol S
990 _a24e2ff59ac10000c219129feaeb44099
991 _a146152
999 _c12473
_d12473